Normal view MARC view
  • DATA STRUCTURES-COMPUTER SCIENCE OBJECT-ORIENTED PROGRAMMING-COMPUTER SCIENCE COMPUTER ALGORITHMS

Entry Topical Term

Number of records used in: 1

001 - CONTROL NUMBER

  • control field: 76400

003 - CONTROL NUMBER IDENTIFIER

  • control field: NUST

005 - DATE AND TIME OF LATEST TRANSACTION

  • control field: 20210628205634.0

008 - FIXED-LENGTH DATA ELEMENTS

  • fixed length control field: 210628|| aca||aabn | a|a d

040 ## - CATALOGING SOURCE

  • Original cataloging agency: NUST
  • Transcribing agency: NUST

150 ## - HEADING--TOPICAL TERM

  • Topical term or geographic name entry element: DATA STRUCTURES-COMPUTER SCIENCE OBJECT-ORIENTED PROGRAMMING-COMPUTER SCIENCE COMPUTER ALGORITHMS

670 ## - SOURCE DATA FOUND

  • Source citation: Work cat.: (NUST): Main, Michael Savitch, Walter 76399, Data structures and other objects turbo pascal edition, 1995
© 2023 Central Library, National University of Sciences and Technology. All Rights Reserved.